000 00426nam a22001337a 4500
040 _cNUST
082 _a200 THE
100 _aSidra Khalid
_916799
110 _aSupervisor: Dr. Yasir Ahmad
_989011
245 _aTH-SOF-2163-Analysis of Intangible Resources for success in Virtual Project Management A case of services industry
260 _aISLAMABAD:
_bNUST COLLEGE OF EME,
_c2023.
650 _aMS-EM-19
942 _2ddc
_cTHE
999 _c595214
_d595214